Normal view
MARC view
Entry Personal Name
001 - CONTROL NUMBER
- control field: 35008
003 - CONTROL NUMBER IDENTIFIER
- control field: ARRUPE
005 - DATE AND TIME OF LATEST TRANSACTION
- control field: 20170822101511.0
008 - FIXED-LENGTH DATA ELEMENTS
- fixed length control field: 170822|| aca||aabn | a|a d
040 ## - CATALOGING SOURCE
- Original cataloging agency: ARRUPE
- Transcribing agency: ARRUPE
100 ## - HEADING--PERSONAL NAME
- Personal name: Genishi, Celia
- Fuller form of name: ed.
670 ## - SOURCE DATA FOUND
- Source citation: Work cat.: (ARRUPE): Ways of assessing children and curriculum, 1992